[Event "8 Agzamov Memorial"]
[Site "Tashkent"]
[Date "2014.05.20"]
[Round "6.10"]
[White "Bakhodir Kholmirzaev"]
[Black "Nodirbek Abdusattorov"]
[Result "1-0"]
[EventDate "2014.05.16"]
[WhiteElo "2315"]
[BlackElo "2057"]
[PlyCount "103"]

1. d4 Nf6 2. Nf3 d5 3. Bf4 g6 4. e3 Bg7 5. Nbd2 O-O 6. Bd3 b6 7. Ne5 c5 8. h4 c4 9. Be2 Be6 10. g4 Nfd7 11. Nxd7 Nxd7 12. h5 f6 13. hxg6 hxg6 14. c3 b5 15. Qc2 Kf7 16. e4 Nb6 17. f3 Rh8 18. Kf2 Qd7 19. Rag1 dxe4 20. Nxe4 Bd5 21. Qb1 g5 22. Be3 Qc6 23. Ng3 Nd7 24. Rxh8 Rxh8 25. Rh1 Rxh1 26. Qxh1 Nf8 27. Qh5+ Kg8 28. f4 Bf7 29. Qh2 gxf4 30. Bxf4 Bg6 31. Bf3 Qa6 32. a3 Qc8 33. Bd5+ e6 34. Bf3 Bd3 35. Ne4 Ng6 36. Bd6 Qe8 37. Nc5 Bc2 38. Ke3 Bb1 39. Qh1 Bc2 40. Kd2 Bb3 41. Bc6 Qd8 42. Bd7 Nf8 43. Bxf8 Bxf8 44. Bxe6+ Kg7 45. Nxb3 cxb3 46. Bxb3 Qe7 47. Kc2 Qd7 48. Qe4 a5 49. Qe6 Qxe6 50. Bxe6 b4 51. axb4 axb4 52. c4 1-0

[Event "8 Agzamov Memorial"]
[Site "Tashkent"]
[Date "2014.05.18"]
[Round "4.4"]
[White "Nodirbek Abdusattorov"]
[Black "Mikhael Mchedlishvili"]
[Result "0-1"]
[EventDate "2014.05.16"]
[WhiteElo "2057"]
[BlackElo "2621"]
[PlyCount "80"]

1. e4 c5 2. Nf3 e6 3. d3 Nc6 4. g3 d5 5. Bg2 g6 6. O-O Bg7 7. c3 Nge7 8. Qc2 O-O 9. a4 e5 10. Na3 h6 11. Re1 Re8 12. Bd2 Bg4 13. h3 Be6 14. Rad1 Rc8 15. Kh2 Qb6 16. exd5 Nxd5 17. Nc4 Qc7 18. Bc1 Rcd8 19. Nh4 Kh7 20. Qe2 f5 21. Kg1 Nb6 22. Nxb6 axb6 23. g4 Qf7 24. gxf5 gxf5 25. Kh1 Bf6 26. Nf3 Rg8 27. Rg1 Rg6 28. Nh2 Rdg8 29. Bf3 Qg7 30. Rxg6 Qxg6 31. Qf1 Qf7 32. Re1 c4 33. Qe2 cxd3 34. Qxd3 Qg6 35. Qf1 e4 36. Bf4 Ne5 37. Bxe5 Bxe5 38. Bg2 Bc7 39. Qg1 Bd5 40. Rd1 Bc6 0-1

[Event "8 Agzamov Memorial"]
[Site "Tashkent"]
[Date "2014.05.17"]
[Round "3.9"]
[White "Nodirbek Abdusattorov"]
[Black "Rustam Khusnutdinov"]
[Result "1-0"]
[EventDate "2014.05.16"]
[WhiteElo "2057"]
[BlackElo "2495"]
[PlyCount "77"]

1. e4 c5 2. Nf3 e6 3. d3 Nc6 4. g3 Nge7 5. Bg2 g6 6. O-O Bg7 7. c3 e5 8. a3 O-O 9. b4 d6 10. Bb2 h6 11. Nbd2 Be6 12. b5 Nb8 13. c4 Nd7 14. Ne1 Qc7 15. Nc2 f5 16. exf5 gxf5 17. f4 Rf7 18. Qe2 Nf8 19. Rae1 Rd8 20. Ne3 Nfg6 21. Kh1 b6 22. a4 Kh7 23. Qh5 Bc8 24. Nd5 Nxd5 25. Bxd5 Bb7 26. Nf3 Rf6 27. Kg1 Bxd5 28. cxd5 Re8 29. fxe5 dxe5 30. Ng5+ Kg8 31. Ne4 Rff8 32. Rxf5 Rxf5 33. Qxf5 Nf8 34. Nf6+ Bxf6 35. Qxf6 Qf7 36. Qxh6 Qf5 37. Rf1 Qxd3 38. Bxe5 Qh7 39. Qg5+ 1-0

[Event "8 Agzamov Memorial"]
[Site "Tashkent"]
[Date "2014.05.15"]
[Round "1"]
[White "Nodirbek Abdusattorov"]
[Black "Andrey Zhigalko"]
[Result "1-0"]
[EventDate "2014.05.16"]
[WhiteElo "2057"]
[BlackElo "2600"]
[PlyCount "135"]

1. e4 c5 2. Nf3 e6 3. d3 Nc6 4. g3 d5 5. Bg2 g6 6. O-O Bg7 7. c3 Nge7 8. Qc2 O-O 9. a4 b6 10. Na3 a6 11. Be3 h6 12. Rad1 d4 13. cxd4 cxd4 14. Bd2 e5 15. Nh4 Be6 16. Rc1 Rc8 17. Qd1 Na5 18. Bxa5 bxa5 19. Nc4 Nc6 20. Nf3 Rb8 21. Nfd2 h5 22. f4 Bh6 23. f5 Bd7 24. Qe2 Kh7 25. Kh1 h4 26. Bh3 hxg3 27. hxg3 g5 28. Kg2 f6 29. Bg4 Kg7 30. Rh1 Rh8 31. Rh3 Ne7 32. b3 Be8 33. Bh5 Bc6 34. Qf3 Qd7 35. Nxe5 Qxf5 36. Qxf5 Nxf5 37. Nxc6 g4 38. Bxg4 Bxd2 39. Bxf5 Bxc1 40. Nxb8 Rxb8 41. Rh7+ Kg8 42. Rd7 Bb2 43. Be6+ Kh8 44. Kf3 Re8 45. Bc4 Re5 46. Rf7 Bc3 47. Rxf6 Kg7 48. Rxa6 Rg5 49. g4 Bd2 50. Rd6 Bc3 51. Rd7+ Kf6 52. Rf7+ Ke5 53. Re7+ Kf6 54. Re6+ Kf7 55. Re5+ Kf6 56. Rxg5 Kxg5 57. e5 Bb2 58. Be6 Kg6 59. Ke4 Kg7 60. Kd5 Kf8 61. g5 Kg7 62. Bf5 Bc1 63. g6 Be3 64. e6 Kf6 65. Kd6 Bd2 66. Kd7 Bb4 67. g7 Kxg7 68. e7 1-0